| 000 | 01737nam a2200397 i 4500 | ||
|---|---|---|---|
| 003 | DO-SdBNP | ||
| 005 | 20230918152335.0 | ||
| 007 | ta | ||
| 008 | 110413s2023 dr o 000 j spa d | ||
| 020 | _a9789945639032 | ||
| 020 | _a9789945639049 | ||
| 040 |
_aDO-SdBNP _bspa _cBNPHU _erda |
||
| 082 |
_bD352c _222 |
||
| 100 | 1 |
_aDelgado Aybar, Aridio _984162 |
|
| 245 | 1 | 0 |
_aCatalogo peces arrecifales : _bdel Acuario Nacional de República Dominicana / _cAridio Delgado Aybar, Irene Zulay Ortiz Confesor, Argeny Ovando Javier ; fotografías Guillermo Ricart, Juan Rodríguez ; colaboradores Wanda García, Nabab Feliz Feliz, Antonia Marte Cabrera, Francisco Santos Mella ; presentación Nurys González Durán, Ángel Castillo |
| 246 | 1 |
_aPeces : _barrecifales del Acuario Nacional de República Dominicana / |
|
| 264 | 1 |
_aSanto Domingo : _bISFODOSU, _bUniversidad ISA _c2023. |
|
| 300 |
_a114 páginas _c21 cm. _bfotografías |
||
| 336 |
_2rdacontent _atexto _btxt |
||
| 337 |
_2rdamedia _asin mediación _bn |
||
| 338 |
_2rdacarrier _avolumen _bnc |
||
| 490 | 1 | _aCatálogo | |
| 504 | _aBibliografía p: 103-114 | ||
| 590 | _aInventariado, 2023/ YL | ||
| 700 | 1 | 2 |
_aOrtiz Confesor, Irene Zulay _eautora. _984163 |
| 700 | 1 | 2 |
_aOvando Javier, Argeny _eautor. _984164 |
| 700 | 1 | 2 |
_aRicart, Guillermo _efotografías _943159 |
| 700 | 1 | 2 |
_aRodríguez, Juan _efotografías _963300 |
| 700 | 1 | 2 |
_aGarcía, Wanda _ecolaborador. _984165 |
| 700 | 1 | 2 |
_aFeliz Feliz, Nabad _ecolaborador. _984166 |
| 700 | 1 | 2 |
_aMarte Cabrera, Antonia _ecolaborador. _984167 |
| 700 | 1 | 2 |
_aSantos Mella, Francisco _ecolaborador. _984168 |
| 710 | _aInstituto Superior de Formación Docente Salomé Ureña (ISFODOSU) | ||
| 910 | _aYLockward | ||
| 942 |
_2ddc _cLBS1 |
||
| 999 |
_c54808 _d54808 |
||